Movies Quiz

Random Movies or Cast Quiz

Cast of Space Mexicans in Space Quiz Stats

 Plays Quiz not verified by Sporcle

Also try: Movie Fields
Challenge
Share
Tweet
Embed
Score 0/13 Timer 04:00
0 Plays Today
Played By Character % Correct
Bryan ChristiansenRick McManus
100%
Hardick KapadiaPancho Sancho
85.7%
Ben CurrieDickie Mansfield
85.7%
Siwei GuoCommissioner
85.7%
Chris McBrideUnit 33 Spicspam
85.7%
Chris McBride (II)Bartender
85.7%
Hardick Kapadia (II)Pepe Sancho
85.7%
Siwei Guo / Chris McBrideDeath
85.7%
Bryan Christiansen (II)Mona Mansfield
85.7%
Kevin BojkoGuard
71.4%
BaronInterrogator
57.1%
Kevin Bojko (II)Drunken Cubs Hater
42.9%
Kevin Bojko (III)Tyrone Blacksmith
14.3%

You're not logged in!

Compare scores with friends on all Sporcle quizzes.
Join for Free
OR
Log In

You Might Also Like...

Show Comments

Extras

Created Oct 1, 2009ReportNominate
Tags:Cast Quiz, character, mexican, space

Top Quizzes Today


Score Distribution

Your Account Isn't Verified!

In order to create a playlist on Sporcle, you need to verify the email address you used during registration. Go to your Sporcle Settings to finish the process.

Report this User

Report this user for behavior that violates our Community Guidelines.

Details: